Pays où il y a le plus d'éléphant - Statistiques

Statistiques générales
  • Ce quiz a été pris 164 fois
    159 depuis la dernière actualisation
  • Le résultat moyen est 10 sur 15
Statistiques - réponses
Nombre d'individus Pays % Correct
30 000 - 25 000 Afrique du sud
90%
30 000 - 27 000 Inde
87%
20 000 - 10 000 Congo
86%
40 000 - 35 000 Kenya
78%
80 000 - 70 000 Tanzanie
78%
15 000 - 8 000 Namibie
73%
100 000 - 80 000 Zimbabwe
70%
150 000 - 130 000 Botswana
68%
25 000 - 12 000 Zambie
68%
~20 000 Angola
67%
15 000 - 10 000 Mozambique
66%
7 000 - 3 000 Centrafrique
59%
5 000 - 3 000 Ouganda
59%
~ 78 000 Gabon
50%
6 000 - 5 000 Birmanie
37%
Aucun quiz correspondant
Distribution des résultats
% des personnes avec chaque résultat
Percentile par nombre de réponses
Votre historique - résultats
Vous n’avez pas pris ce quiz depuis la dernière actualisation